000 00733nam a2200229Ia 4500
999 _c65362
_d65362
003 GCL
005 20240530110821.0
008 140319s2005 ua a f 000 0 ara d
016 _22004/22101
_aمصر . دار الكتب
020 _a9773458903
040 _aGCL /
_cGCL
082 0 4 _a746.43
_bهـ ت
100 1 _aهيل ، بينى
245 1 2 _aالتريكو :
_bفن وابداع وصناعة /
_cتأليف بينى هيل
250 _aط.1
260 _aالقاهرة :
_bدار الفاروق ،
_c2005 .
300 _a79 ص. :
_bايض. ؛
_c30 سم.
490 _aسلسلة الاقتصاد المنزلى
_v0
650 0 4 _aالاقتصاد المنزلى
650 0 4 _aالتريكو
942 _2ddc
_cBK